1128 1422 1924 1848 1903 1437 1541 1030 1668 1120 1417 1975 1081 1646 1520 1841 1762 1279 1513 1100 1153 1544 1532 1038 1030 1708 1051 1077 1572 1871 1494 1741 1974 1941 1147 1902 1579 1995 1020 1311 1191 1497 1703 1375 1297 1366 1958 1047 1127 1417 1030 1575 1764 1721 1602 1834 1050 1036 1906 1027 1658 1996 1501 1545 1031 1903 1280 1671 1047 1828 1423 1443 1994 1226 1891 1102 1648 1162 1140 1777 1670 1233 1157 1995 1295 1855 1485 1191 1777 1378 1672 1215 1579 1468 1086 1891 1924 1707 1027 BCNSPRNW ULIB Ver.6.0+V

เปลี่ยนเป็นภาษาไทย

Change to English
 แสดงรายละเอียดบรรณานุกรม
  กลับหน้าหลัก

Brief Record : Get Marc (ISO 2709) : E-mail record : QR code < ปิดหน้าต่าง
LEADER : 00000nam 2200000uu 4500
001    13399109043
003     ULIB
008    110320s2545||||th 000 0 tha d
020    9749021738 (pbk.)
020    9789749021736 (pbk.)
060 04 WX158^bว435ก 2545
100 0  วันเพ็ญ พิชิตพรชัย
245 10 การวางแผนจำหน่ายผู้ป่วย :^bแนวคิดและการประยุกต์ใช้ /^cวันเพ็ญ พิชิตพรชัยและอุษาวดี อัศดรวิเศษ
250    พิมพ์ครั้งที่ 1
260    กรุงเทพฯ :^bคณะพยาบาลศาสตร์ มหาวิทยาลัยมหิดล,^c2545
300    107, [2] หน้า ;^c26 ซม.
650  2 Patient Discharge
650  7 ผู้ป่วย, การจำหน่ายออกจากโรงพยาบาล
700 0  อุษาวดี อัศดรวิเศษ
710 2  มหาวิทยาลัยมหิดล. ^bคณะพยาบาลศาสตร์
945    ^p70^l0^i017147
945    ^p70^l0^i017146
945    ^p70^l0^i015398
945    ^p70^l0^i015397
945    ^p70^l0^i015396
995    เกษร
999 ^a ใช้งานได้ทุกระบบ
รายการนี้ยังไม่มีแท็ก
คุณยังไม่ได้ล็อกอิน คุณสามารถมีกิจกรรมร่วมกับเว็บไซต์ได้ แต่ต้องล็อกอินก่อน ::
  ล็อกอิน

รายการสื่อสารสนเทศ

ลำดับที่ ประเภท เลขเรียก/บาร์โค้ด สถานที่ สถานะ
- ไม่พบข้อมูล -

รายการใกล้เคียง
    ผู้แต่ง [วันเพ็ญ พิชิตพรชัย]

    หัวเรื่อง [Patient Discharge]
    หัวเรื่อง [ผู้ป่วย, การจำหน่ายออกจากโรงพยาบาล]

BibComment


ยังไม่เคยถูกคอมเมนท์

คอมเมนท์ทรัพยากรรายการนี้
  คอมเมนท์: การวางแผนจำหน่ายผ..


 Copyright 2026. Bcnsprnw @Library